• 首页
  • 本馆介绍
  • 公告通知
  • 最新文献
  • 馆藏检索
  • 电子资源
  • 读者导购
  • 参考咨询
  • 我的图书馆
  • 登录
  • 详细信息显示
  • 放入我的书架
  • 预约/预借图书
  • 作者相关作品
  • 分类相关作品
  • 丛书相关作品
  • 出版社相关作品

书目信息

  • 表格格式
  • 工作单格式
  • 卡片格式
题名:
林公案
    
 
作者: 佚名 著 ;杨居让 , 张琦 点校
分册:  
出版信息: 西安   三秦出版社  1998
页数: 360页
开本: 19cm
丛书名: 明清公案小说系列
单 册:
中图分类: I242.48
科图分类:
主题词: 小说--中国 , 侠义小说--中国--清代 , 章回小说--中国--清代
电子资源:
ISBN: 7-80628-151-7
000 00801nam0 2200289 45
001 0501071897
005 20050107180527.0
010    @a7-80628-151-7@dCNY11.00
100    @a20050107d1998 km y0chiy0120 ea
101 0  @achi
102    @aCN@b610000
105    @ay z 000ay
200 1  @a林公案@ALin Gong An@f(清)佚名著@g杨居让,张琦点校
210    @a西安@c三秦出版社@d1998
215    @a360页@d19cm
225    @a明清公案小说系列
410    @12001 @a明清公案小说系列
606 0  @a小说@x中国
606 0  @a侠义小说@y中国@z清代
606 0  @a章回小说@y中国@z清代
690    @aI242.48@v4
701  0 @a佚名@A(Qing)Yi Ming@4著
702  0 @a杨居让@AYang Ju Rang@4点校
702  0 @a张琦@AZhang Qi@4点校
801    @aCN@bAHTY@c20050107
905    @aBZT@dI242.48@e10
906    @dCNY11.00@n0@r1
    
    林公案/(清)佚名著/杨居让,张琦点校.-西安:三秦出版社,1998
    360页;19cm.-(明清公案小说系列)
    
    
    ISBN 7-80628-151-7:CNY11.00
    
●
相关链接 在五车中查询图书 在当当中查询图书 在豆瓣中查询图书


正题名:林公案     索取号:I242.48/10         预约/预借

序号 登录号 条形码 馆藏地/架位号 状态 备注
1 385900   210165603   中心书库中库/打包BH1566/ [索取号:I242.48/10] 在馆    
2 385901   210165621   中心书库中库/打包BH1566/ [索取号:I242.48/10] 在馆    
3 385902   210165612   中心书库中库/打包BH1566/ [索取号:I242.48/10] 在馆    
4 385903   210165630   中心书库中库/打包BH1566/ [索取号:I242.48/10] 在馆    
5 385904   210165649   中心书库中库/打包BH1566/ [索取号:I242.48/10] 在馆    
6 385905   210165667   中心书库中库/打包BH1566/ [索取号:I242.48/10] 在馆    
7 385906   210165658   中心书库中库/打包BH1566/ [索取号:I242.48/10] 在馆    
8 385907   210165685   中心书库中库/打包BH1566/ [索取号:I242.48/10] 在馆    
9 385908   210165676   中心书库中库/打包BH1566/ [索取号:I242.48/10] 在馆    
10 385909   210165701   中心书库中库/打包BH1566/ [索取号:I242.48/10] 在馆    
山东省滨州职业学院图书馆 欢迎您!
大连网信软件有限公司© 版权所有